| 000 | 00400nam a22001457a 4500 | ||
|---|---|---|---|
| 003 | OSt | ||
| 008 | 250205b |||||||| |||| 00| 0 eng d | ||
| 041 | _aeng | ||
| 082 |
_a621.4021 _bEAS / AP |
||
| 100 |
_aEastop, TD _97075 |
||
| 245 | _aApplied Thermodynamics for Engineering Technologist | ||
| 260 |
_aNew York: _bLingman Scientific Technical Co, _c1989. |
||
| 700 |
_aConkey, MC _97076 |
||
| 942 | _cBK | ||
| 999 |
_c19304 _d19304 |
||